00330nam a2200133Ia 4500008004100000020001800041041000800059082001500067100001700082245003400099260004400133300000900177500001000186220803s9999 xx 000 0 und d a9780470665657 aeng a720.28 MEN aMenges A Ed. aComputational Design Thinking aUnited KingdombWiley Publicationc2011 a224p aDIGIT